00954nam a2200217 a 450000100100000000500170001000800410002704000250006808200150009310000440010824500900015226000460024230000190028850001120030750000320041950400320045104900090048395201130049295201140060599900170071900002354520200930022310.0090630s1999 dr 000 0 spa d aDO-SdBNPbspacBNPHU axxxxbxxxx1 aMartínez de los Santos, Roberto9859913aLo que tiene que saber y hacer el contribuyente /cRoberto Martínez de los Santos,. aSanto Domingo :bimpresora vargas,c1999. av. 1 ;c23 cm. aRequesitos y procedimientos para las gestiones civiles, comerciales y tributarias en República Dominicana aLa biblioteca posee el v. 1 aBibliografía : p. 171-172 aBNPD 0010718PDaPDbPDcHDd2011-03-26iLF1l0oxxxx xxxxp23545-10r2020-06-25w2020-06-25yLFPDZNo se presta 00107-18PDaPDbPDcOId2014-05-29iLF1l0oxxxx xxxxp23545-20r2020-06-25w2020-06-25yLFPDZNo se presta c23041d23041